000 00388nam a22001457a 4500
008 250602b |||||||| |||| 00| 0 eng d
020 _a9781915508171
050 _aSH 137
_b.S36
100 _aSampson calvin
245 _aHand Book Of Aquaculture Engineering
260 _aLondon
_bBrilliance Publication ltd
_c2023
300 _a273p
650 _aAquacultural Engineering
942 _cBK
999 _c3724
_d3724